000 nam a22 a 4500
999 _c219
_d219
003 AKMAL
005 20170427085501.0
008 170427s2005 my | e l 000 0 may d
020 _a9833376533 (kkt.)
_z9831926862 (kkt.) :
_cRM21.00
040 _aAKMAL
082 0 4 _a345.5950253 AHM
_222
090 2 0 _a345.5950253
_bAHM
100 0 _aAhmad Shamsul Abd Aziz
_9495
245 1 0 _aUndang-undang gangguan seksual di Malaysia /
_cAhmad Shamsul Abd Aziz
260 _aBentong, Pahang :
_bPTS Publications & Distributors,
_c2005
300 _aviii, 208ms. ;
_c22cm.
504 _aBibliografi: ms. 203-208
520 _a"Mereka yang tahu undang-undang gangguan seksual dapat bertindak dengan betul apabila menjadi mangsanya"
650 1 0 _aSexual harassment
_xLaw and legislation
_zMalaysia
_9496
650 2 0 _aSexual ethics
_xLaw and legislations
_zMalaysia
_9497
942 _2ddc
_cBOOK